TENWEK HOSP HOME | SOC  | ASK A LIBRARIANSTAFF LOGIN  |  DIGITAL REPOSITORYe-BOOK PORTAL  |  OFF-CAMPUS PORTAL  |  DONATE

Eye diseases in hot climates / (Record no. 3370)

MARC details
000 -LEADER
fixed length control field 01029cam a2200325 a 4500
001 - CONTROL NUMBER
control field 579075
003 - CONTROL NUMBER IDENTIFIER
control field Ke-BoTe
005 - DATE AND TIME OF LATEST TRANSACTION
control field 20220527122914.0
008 - FIXED-LENGTH DATA ELEMENTS--GENERAL INFORMATION
fixed length control field 900305s1990 enkaf b 001 0 eng c
010 ## - LIBRARY OF CONGRESS CONTROL NUMBER
LC control number 90001658
020 ## - INTERNATIONAL STANDARD BOOK NUMBER
International Standard Book Number 0723621837 (pbk.)
020 ## - INTERNATIONAL STANDARD BOOK NUMBER
International Standard Book Number 0723621950 (Butterworth International ed.)
040 ## - CATALOGING SOURCE
Original cataloging agency DNLM/DLC
Transcribing agency DLC
Modifying agency DLC
050 10 - LIBRARY OF CONGRESS CALL NUMBER
Classification number RE48
Item number .S32 1990
060 ## - NATIONAL LIBRARY OF MEDICINE CALL NUMBER
Classification number WW 140 S217e
082 00 - DEWEY DECIMAL CLASSIFICATION NUMBER
Classification number 617.7/1/0913
Edition number 20
100 2# - MAIN ENTRY--PERSONAL NAME
Personal name Sandford-Smith, John.
9 (RLIN) 6398
245 10 - TITLE STATEMENT
Title Eye diseases in hot climates /
Statement of responsibility, etc. John Sandford-Smith.
250 ## - EDITION STATEMENT
Edition statement 2nd ed.
260 ## - PUBLICATION, DISTRIBUTION, ETC.
Place of publication, distribution, etc. London ;
-- Boston :
Name of publisher, distributor, etc. Wright ;
Date of publication, distribution, etc. c1990.
300 ## - PHYSICAL DESCRIPTION
Extent ix, 241 p., 23 p. of plates :
Other physical details ill. (some col.) ;
Dimensions 24 cm.
504 ## - BIBLIOGRAPHY, ETC. NOTE
Bibliography, etc. note Includes bibliographical references and index.
650 #0 - SUBJECT ADDED ENTRY--TOPICAL TERM
Topical term or geographic name entry element Eye
General subdivision Diseases.
9 (RLIN) 6399
650 #0 - SUBJECT ADDED ENTRY--TOPICAL TERM
Topical term or geographic name entry element Tropical medicine.
9 (RLIN) 2667
650 #2 - SUBJECT ADDED ENTRY--TOPICAL TERM
Topical term or geographic name entry element Eye Diseases.
9 (RLIN) 6392
650 #2 - SUBJECT ADDED ENTRY--TOPICAL TERM
Topical term or geographic name entry element Tropical Climate.
9 (RLIN) 6400
906 ## - LOCAL DATA ELEMENT F, LDF (RLIN)
a 7
b cbc
c orignew
d 1
e ocip
f 19
g y-gencatlg
942 ## - ADDED ENTRY ELEMENTS (KOHA)
Source of classification or shelving scheme Library of Congress Classification
Koha item type Books
Suppress in OPAC No
Holdings
Withdrawn status Lost status Source of classification or shelving scheme Damaged status Not for loan Collection code Home library Current library Shelving location Date acquired Total Checkouts Full call number Barcode Date last seen Price effective from Koha item type
    Library of Congress Classification     Non-fiction SCHOOL OF HEALTH SCIENCES SCHOOL OF HEALTH SCIENCES General Stacks 27.05.2022   RE48.S32 1990 00003538 27.05.2022 27.05.2022 Books